000 01628nam0a2200337 4500
001 RU\NLR\BIBL_A\011945852
005 20230126101700.0
010 _a978-5-4317-0298-3
_9120
021 _aRU
_bКН-П-19-001924
_9КН-П-19-0132
035 _a(NLR Aleph) 011945852
035 _a(RuMoRGB)009865736
090 _a11118156
_c11118156
100 _a20190225d2018 k y0rusy50 ca
101 0 _aeng
102 _aRU
105 _aa z 101zy
200 1 _aInternational conference on combustion physics and chemistry (Samara, Russian Federation, July 24-28, 2018)
_e[ComPhysChem'18]
_etechnical program and book of abstracts
_f[edited by A. M. Mebel & V. N. Azyazov]
210 _aSamara
_cInsoma-press
_d2018
215 _a115 с.
_cил., табл.
_d29
320 _aБиблиогр. в конце докл.
320 _aУказ.: c. 115
606 1 _aГорение
_xФизико-химические основы
_jТезисы докладов
_2nlr_sh1
_2nlr_sh2
_3RU\NLR\AUTH\66310265
686 1 _aГ543.11я431(0)
702 1 _aMebel
_bA.M.
_gAlexander M.
_4340
702 1 _aAzjazov
_bV. N.
_cд-р физ.-мат. наук
_gValerij Nikolaevič
_3RU\NLR\AUTH\770251686
_4340
710 1 2 _aInternational conference on combustion physics and chemistry
_eSamara
_f2018
830 _aМеждународная конференция по физике и химии горения: техническая программа и сборник тезисов
942 _cBOOK
980 _aNB